| 000 | 00494nam a22001692 4500 | ||
|---|---|---|---|
| 001 | 0000003217 | ||
| 005 | 20170406114837.0 | ||
| 008 | 140602s xx 000 0 eng d | ||
| 020 |
_a9789221080138 : _c$ |
||
| 040 |
_aYour Holding Symbol _cYour Holding Symbol |
||
| 245 | 1 | 0 |
_aWORKER'S access to education : _ba worker's education guide. |
| 250 | _a ed. | ||
| 260 |
_aGeneva : _bI.L.O, _c1995. |
||
| 300 |
_a97 p. ; _c cm. |
||
| 650 | 0 | _aWORKE'S EDUCATION. | |
| 908 | _a140602 | ||
| 999 |
_c3096 _d3096 |
||